Quiz dla Kibiców Liverpoolu - Statystyki

Ogólne statystyki
  • Ten quiz został rozwiązany 1 179 razy
  • Średni wynik to 10 z 21
Statystyki odpowiedzi
Pytania Odpowiedzi % Poprawnych
Przydomek klubu The Reds
94%
Aktualny trener Jurgen Klopp
80%
Stadion klubu Anfield
79%
Klub z tej samej ulicy Everton
72%
Rok ostatniego zdobycia pucharu Ligi Mistrzów 2005
69%
Bohater meczu finałowego, "..... Dance" Jerzy Dudek
69%
Podobał Ci się quiz? Tak/Nie
64%
Klub przeciwko któremu grali w finale tej edycji Ligi Mistrzów AC Milan
57%
Najdroższy transfer klubu (piłkarz) Virgil van Dijk
54%
Finał ten odbywał się w..... Stambuł
49%
Klub nie zdobył mistrzostwa od ilu lat? 29
46%
Ilość mistrzostw Angli 18
45%
Najdrożej sprzedany piłkarz to..... Philippe Coutinho
42%
Rok założenia: 15 marca roku..... 1893
40%
Kwota tego transferu (w funtach i milionach) 75
34%
Debiut w najwyższej lidze rozgrywkowej 1894
21%
Najwyższe zwycięstwo 11:0
15%
Uważany za najlepszego trenera w historii klubu Bill Shankly
10%
Ulica na której znajduje się siedziba klubu Merseyside
6%
Prezes Tom Werner
4%
Założyciel klubu John Houlding
2%
Nie znaleziono quizów pasujących do podanych kryteriów
Rozkład punktacji
Procent ludzi z każdym wynikiem
Percentyl według liczby udzielonych odpowiedzi
Twoja historia wyników
Nie rozwiązałeś tego quizu